| 000 | 00860nas a2200289 4500 | ||
|---|---|---|---|
| 001 | BR0602994 | ||
| 003 | BR-BrBNA | ||
| 005 | 20231205110113.0 | ||
| 007 | ta | ||
| 008 | 230509b bl.|||p| |||| 00| 00por d | ||
| 040 |
_aBR-BrBNA _bpor _cBiblioteca Nacional de Agricultura |
||
| 041 | _a(Pt) | ||
| 072 | _aL02; L50 | ||
| 100 | 1 | _aSilveira, G.B. | |
| 100 | 1 | _aPaule, B.P. | |
| 100 | 1 | _aSocorro, E.P. | |
| 245 | 1 | _aAvaliação dietética de amidos pelas respostas glicêmica e insulinêmica em cães | |
| 650 | _aCÃO | ||
| 650 | _aTRIGO | ||
| 650 | _aAMIDO | ||
| 650 | _aDIETA | ||
| 650 | _aINSULINA | ||
| 650 | _aBIOQUÍMICA ANIMAL | ||
| 773 | 0 |
_tArquivo Brasileiro de Medicina Veterinária e Zootecnia (Brazil) _xISSN 0102-0935 _g(Out 2004), v. 56(5) p. 595-601 _wBR0602994 |
|
| 909 |
_a202311 _bLúcia _c55 _dLúcia Elande |
||
| 942 |
_2AGRIS _n0 _cANA |
||
| 999 |
_c186223 _d186223 |
||